000 00511nam a2200169 i 4500
001 bg
100 1 _aDĄDELA, Janusz
245 0 _aLaboratorium elementów automatyki.
_nCz. 1,
_pBadania elektrycznych aparatów analogowych systemu URS /
_cJ. Dądela, J. Galbas, K. Kamiński.
260 _aGdynia,
_c1985.
700 1 _aGALBAS, Jerzy
700 1 _aKAMIŃSKI, Krzysztof
040 _cBPK
041 _apol
080 _a629.12:621.31:681.5](075.8)
942 _cKS
008 s pl f |000 0 pol
999 _c2688
_d2688
856 _uhttp://koha.tu.koszalin.pl/cgi-bin/koha/opac-detail.pl?biblionumber=2688
_yKatalog online BPK